[Event "SVK-chT5 SE-SI 1415"]
[Site "Slovakia"]
[Date "2015.02.07"]
[Round "8.3"]
[White "Baumgartner, Milan"]
[Black "Sukopcak, Miroslav"]
[Result "1-0"]
[WhiteElo "1585"]
[BlackElo "1657"]
[PlyCount "73"]
[EventDate "2014.10.18"]
[EventType "team-tourn"]
[EventRounds "11"]
[EventCountry "SVK"]
[SourceTitle "EXT 2022"]
[Source "ChessBase"]
[SourceDate "2021.10.06"]
[SourceVersion "1"]
[SourceVersionDate "2021.10.06"]
[SourceQuality "1"]
[WhiteTeam "Skalica IV"]
[BlackTeam "Senica Slovakia"]
[WhiteTeamCountry "SVK"]
[BlackTeamCountry "SVK"]

1. a3 d5 2. d4 Bf5 3. Nf3 Nd7 4. Bf4 Ngf6 5. Nc3 h6 6. h3 e6 7. e3 a6 8. Bd3 Bxd3 9. Qxd3 c5 10. 0-0 b5 11. Rfe1 Be7 12. e4 dxe4 13. Nxe4 Nxe4 14. Qxe4 0-0 15. Rad1 Qc8 16. c3 Nf6 17. Qc2 cxd4 18. Nxd4 Nd5 19. Nf5 exf5 20. Rxd5 Qb7 21. Rxf5 g6 22. Rfe5 Bd6 23. Bxh6 Bxe5 24. Bxf8 Kxf8 25. Rxe5 Re8 26. Rxe8+ Kxe8 27. h4 Qe7 28. g3 Kf8 29. b4 Kg7 30. c4 Qe1+ 31. Kg2 Qa1 32. c5 Qxa3 33. c6 Qxb4 34. c7 a5 35. c8Q f6 36. Qe8 f5 37. h5 1-0

[Event "SVK-chT5 SE-SI 1314"]
[Site "Slovakia"]
[Date "2014.03.01"]
[Round "9.3"]
[White "Cambal, Peter"]
[Black "Sukopcak, Miroslav"]
[Result "0-1"]
[WhiteElo "1014"]
[BlackElo "1668"]
[PlyCount "32"]
[EventDate "2013.10.19"]
[EventType "team-tourn"]
[EventRounds "11"]
[EventCountry "SVK"]
[SourceTitle "EXT 2022"]
[Source "ChessBase"]
[SourceDate "2021.10.06"]
[SourceVersion "1"]
[SourceVersionDate "2021.10.06"]
[SourceQuality "1"]
[WhiteTeam "Holic II"]
[BlackTeam "Senica Slovakia"]
[WhiteTeamCountry "SVK"]
[BlackTeamCountry "SVK"]

1. e4 c5 2. Nf3 d6 3. d4 cxd4 4. Nxd4 a6 5. Nc3 e5 6. Nb3 Nf6 7. h3 Be6 8. Be3 Be7 9. Qd2 Nc6 10. 0-0-0 Rc8 11. Be2 b5 12. Nd5 Rb8 13. Rhg1 Nxe4 14. Qd3 Nf6 15. Bf3 Bxd5 16. Bxd5 Nb4 0-1

[Event "SVK-chT5 SE-SI 1314"]
[Site "Slovakia"]
[Date "2014.01.18"]
[Round "6.2"]
[White "Sobek, Michal"]
[Black "Sukopcak, Miroslav"]
[Result "1-0"]
[WhiteElo "1230"]
[BlackElo "1668"]
[PlyCount "89"]
[EventDate "2013.10.19"]
[EventType "team-tourn"]
[EventRounds "11"]
[EventCountry "SVK"]
[SourceTitle "EXT 2022"]
[Source "ChessBase"]
[SourceDate "2021.10.06"]
[SourceVersion "1"]
[SourceVersionDate "2021.10.06"]
[SourceQuality "1"]
[WhiteTeam "Stefanov III"]
[BlackTeam "Senica Slovakia"]
[WhiteTeamCountry "SVK"]
[BlackTeamCountry "SVK"]

1. e4 c5 2. Nf3 d6 3. c3 e5 4. d4 cxd4 5. cxd4 exd4 6. Nxd4 Nf6 7. Nc3 a6 8. Be2 Be7 9. 0-0 0-0 10. Be3 Bd7 11. Qd2 Bc6 12. f3 h6 13. Nf5 Nh7 14. Nxg7 Bg5 15. Nf5 Bxe3+ 16. Qxe3 Qf6 17. Qxh6 Qxh6 18. Nxh6+ Kh8 19. Bc4 Ng5 20. h4 Ne6 21. Nxf7+ Rxf7 22. Bxe6 Rf6 23. Bd5 Nd7 24. f4 Rh6 25. g3 Bxd5 26. Nxd5 Rg8 27. Kh2 Nc5 28. Rae1 b5 29. Kh3 Rhg6 30. Rg1 Re6 31. e5 Nd3 32. Re2 dxe5 33. fxe5 Rd8 34. Nf4 Rxe5 35. Ng6+ Kg7 36. Nxe5 Nc5 37. Nc6 Rd6 38. Ne7 Rf6 39. Nd5 Rf5 40. Nf4 Rf7 41. Ne6+ Nxe6 42. Rxe6 Ra7 43. Rge1 Kf7 44. Re7+ Rxe7 45. Rxe7+ 1-0

[Event "SVK-chT5 SE-SI 1314"]
[Site "Slovakia"]
[Date "2013.11.30"]
[Round "4.2"]
[White "Zajicek, Ferdinand"]
[Black "Sukopcak, Miroslav"]
[Result "1-0"]
[WhiteElo "1823"]
[BlackElo "1668"]
[PlyCount "105"]
[EventDate "2013.10.19"]
[EventType "team-tourn"]
[EventRounds "11"]
[EventCountry "SVK"]
[SourceTitle "EXT 2022"]
[Source "ChessBase"]
[SourceDate "2021.10.06"]
[SourceVersion "1"]
[SourceVersionDate "2021.10.06"]
[SourceQuality "1"]
[WhiteTeam "Gbely Nafta II"]
[BlackTeam "Senica Slovakia"]
[WhiteTeamCountry "SVK"]
[BlackTeamCountry "SVK"]

1. e4 c5 2. Nf3 d6 3. Nc3 a6 4. a3 Nc6 5. Bc4 e6 6. d3 Be7 7. 0-0 Nf6 8. h3 h6 9. Ne2 b5 10. Ba2 0-0 11. Bd2 b4 12. axb4 cxb4 13. Ng3 a5 14. Re1 e5 15. Nh2 Bd7 16. Rf1 Qc8 17. f4 exf4 18. Rxf4 Be6 19. Nh5 Nxh5 20. Qxh5 Bxa2 21. Rxa2 Bg5 22. Rf2 Bxd2 23. Rxd2 Qe6 24. b3 Qe5 25. Qd1 f5 26. Nf3 Qg3 27. Rf2 Rf6 28. Qd2 Raf8 29. c4 Rg6 30. Kh1 Kh8 31. Qe3 f4 32. Qb6 Ne5 33. Nxe5 dxe5 34. Qxa5 Qxd3 35. Qxb4 Qxe4 36. Qxf8+ Kh7 37. Rae2 Qb1+ 38. Kh2 Qxb3 39. Rxe5 Qg3+ 40. Kg1 Qxh3 41. Qxf4 Qd7 42. Rd5 Qa7 43. Qc1 Qb7 44. Rdf5 Qe4 45. c5 Qc6 46. Qc2 Kh8 47. Rf8+ Kh7 48. R8f4 Kh8 49. Rd4 Qe6 50. Qe4 Qa6 51. Rd8+ Kh7 52. Rd6 Qa1+ 53. Kh2 1-0

[Event "SVK-chT5 SE-SI 1213"]
[Site "Slovakia"]
[Date "2012.12.15"]
[Round "8.1"]
[White "Sukopcak, Miroslav"]
[Black "Kanka, Tomas"]
[Result "0-1"]
[WhiteElo "1712"]
[BlackElo "1435"]
[PlyCount "50"]
[EventDate "2012.10.06"]
[EventType "team-tourn"]
[EventRounds "14"]
[EventCountry "SVK"]
[SourceTitle "EXT 2022"]
[Source "ChessBase"]
[SourceDate "2021.10.06"]
[SourceVersion "1"]
[SourceVersionDate "2021.10.06"]
[SourceQuality "1"]
[WhiteTeam "Senica Slovakia"]
[BlackTeam "Sastin Straze"]
[WhiteTeamCountry "SVK"]
[BlackTeamCountry "SVK"]

1. e4 e5 2. c3 Nf6 3. d3 d5 4. exd5 Nxd5 5. Be2 Bd6 6. Nd2 Nf4 7. Qa4+ Bd7 8. Qb3 Nxg2+ 9. Kd1 Bc6 10. Ndf3 Qd7 11. a4 Na6 12. Qc2 Nc5 13. b3 h6 14. h4 e4 15. dxe4 Bxe4 16. Qb2 Rd8 17. Ra2 Be7+ 18. Bd2 Nd3 19. Bxd3 Qxd3 20. Ne2 Bxf3 21. Kc1 Qxe2 22. c4 0-0 23. Qc2 Rd7 24. Rh3 Bf6 25. b4 Qf1+ 0-1

[Event "Brezova op"]
[Site "Brezova pod Bradlom"]
[Date "2010.08.24"]
[Round "3"]
[White "Sukopcak, Miroslav"]
[Black "Danada, Ondrej"]
[Result "0-1"]
[WhiteElo "1725"]
[BlackElo "1895"]
[PlyCount "54"]
[EventDate "2010.08.22"]
[EventType "swiss"]
[EventRounds "9"]
[EventCountry "SVK"]
[SourceTitle "CBM 138 Extra"]
[Source "ChessBase"]
[SourceDate "2010.10.29"]
[SourceVersion "1"]
[SourceVersionDate "2010.10.29"]
[SourceQuality "1"]

1. e4 c5 2. Nf3 d6 3. c3 Nf6 4. d3 e5 5. Be2 Nc6 6. Bg5 g6 7. Qc1 h6 8. Be3 Bg7 9. h3 a6 10. Qd2 b5 11. b4 cxb4 12. cxb4 a5 13. bxa5 Qxa5 14. Qxa5 Rxa5 15. 0-0 0-0 16. Nbd2 Be6 17. a3 Rfa8 18. Rfc1 Bd7 19. Rab1 Rxa3 20. Rxb5 Nd4 21. Nxd4 exd4 22. Rb7 dxe3 23. fxe3 Ra2 24. Rcc7 Rxd2 25. Bg4 Nxg4 26. hxg4 Ra1+ 27. Kh2 Be5+ 0-1

[Event "Brezova op"]
[Site "Brezova pod Bradlom"]
[Date "2010.08.22"]
[Round "1"]
[White "Sukopcak, Miroslav"]
[Black "Banduka, Zeljko"]
[Result "0-1"]
[WhiteElo "1725"]
[BlackElo "2154"]
[PlyCount "96"]
[EventDate "2010.08.22"]
[EventType "swiss"]
[EventRounds "9"]
[EventCountry "SVK"]
[SourceTitle "CBM 138 Extra"]
[Source "ChessBase"]
[SourceDate "2010.10.29"]
[SourceVersion "1"]
[SourceVersionDate "2010.10.29"]
[SourceQuality "1"]

1. e4 c5 2. Nf3 d6 3. c3 Nf6 4. Qc2 Nc6 5. d4 Qa5 6. Bd2 Bg4 7. Be2 e6 8. Qd3 Qb6 9. b3 Bxf3 10. Bxf3 cxd4 11. 0-0 Be7 12. cxd4 Qxd4 13. Qxd4 Nxd4 14. Nc3 0-0 15. Bd1 Rac8 16. Rc1 a6 17. f3 d5 18. e5 Nd7 19. f4 Ba3 20. Rb1 Bb4 21. Rc1 Nc5 22. Nb1 Bxd2 23. Nxd2 Nd3 24. Rb1 Nb4 25. a3 Nbc2 26. Bxc2 Rxc2 27. Rf2 Rfc8 28. Kf1 Ra2 29. a4 Rcc2 30. Ke1 h6 31. Kd1 b5 32. Ke1 bxa4 33. bxa4 Rxa4 34. Nb3 Rxf2 35. Kxf2 Nxb3 36. Rxb3 Rxf4+ 37. Kg3 Re4 38. Ra3 Rxe5 39. Rxa6 d4 40. Kf4 Rd5 41. Ra2 f5 42. g3 g5+ 43. Kf3 Kf7 44. g4 d3 45. Rd2 f4 46. Ke4 Kf6 47. Rxd3 Rxd3 48. Kxd3 Ke5 0-1

[Event "SVK-ch op-A"]
[Site "Banska Stiavnica"]
[Date "2007.07.13"]
[Round "7.66"]
[White "Sukopcak, Miroslav"]
[Black "Edes, Zsofia"]
[Result "0-1"]
[WhiteElo "1834"]
[BlackElo "1831"]
[PlyCount "104"]
[EventDate "2007.07.07"]
[EventType "swiss"]
[EventRounds "9"]
[EventCountry "SVK"]
[SourceTitle "EXT 2010"]
[Source "ChessBase"]
[SourceDate "2010.11.25"]
[SourceVersion "1"]
[SourceVersionDate "2010.11.25"]
[SourceQuality "1"]

1. e4 e5 2. Nf3 Nc6 3. d4 exd4 4. Nxd4 Bc5 5. Be3 Qf6 6. c3 Nge7 7. Be2 d6 8. Qd2 Qg6 9. Bf3 Ne5 10. Qe2 Nxf3+ 11. gxf3 Bxd4 12. cxd4 Qg2 13. Rf1 Qxh2 14. Kd2 Qh5 15. Nc3 Qa5 16. Rg1 g6 17. Qb5+ Qxb5 18. Nxb5 Kd7 19. Bg5 c6 20. Nc3 h6 21. Rh1 h5 22. f4 Ke8 23. d5 Bd7 24. Kd3 Rc8 25. Rac1 cxd5 26. exd5 Bf5+ 27. Kd2 Kd7 28. Rhe1 Rhe8 29. f3 Rc4 30. Rxe7+ Rxe7 31. Bxe7 Kxe7 32. Ke3 b5 33. Ne2 Rxc1 34. Nxc1 Bb1 35. b4 Kf6 36. a3 Bc2 37. Ne2 Bb3 38. Ke4 a6 39. Ng1 Bc4 40. Nh3 Bf1 41. Nf2 Be2 42. Nh1 Bd1 43. Ng3 h4 44. Nh1 Bc2+ 45. Ke3 Kf5 46. Nf2 Bb3 47. Ne4 Bxd5 48. Nxd6+ Ke6 49. Ne4 Bxe4 50. fxe4 f6 51. Kf3 g5 52. fxg5 fxg5 0-1

[Event "SVK-ch op-A"]
[Site "Banska Stiavnica"]
[Date "2007.07.10"]
[Round "4.65"]
[White "Kolar, Tomas"]
[Black "Sukopcak, Miroslav"]
[Result "1-0"]
[WhiteElo "2046"]
[BlackElo "1834"]
[PlyCount "45"]
[EventDate "2007.07.07"]
[EventType "swiss"]
[EventRounds "9"]
[EventCountry "SVK"]
[SourceTitle "EXT 2010"]
[Source "ChessBase"]
[SourceDate "2010.11.25"]
[SourceVersion "1"]
[SourceVersionDate "2010.11.25"]
[SourceQuality "1"]

1. e4 c5 2. Nf3 Nc6 3. d4 cxd4 4. Nxd4 d6 5. c4 e5 6. Nc2 Be6 7. Nc3 g6 8. Ne3 Bg7 9. Ned5 a6 10. Be3 Nge7 11. Bb6 Qc8 12. Nc7+ Kf8 13. Nxa8 Qxa8 14. Qxd6 Bh6 15. Nd5 Bxd5 16. cxd5 Nd4 17. Bd3 Nb5 18. Bxb5 axb5 19. 0-0 Qe8 20. Bc5 Bg7 21. f4 exf4 22. Rxf4 g5 23. Rxf7+ 1-0